| 000 | 00981nmm a2200361 a 4500 | ||
|---|---|---|---|
| 003 | AR-BaBNM | ||
| 005 | 20251128210852.0 | ||
| 008 | 011020s1999 ||||||||||||||000 | spa|| | ||
| 020 | _a950-537-282-5 | ||
| 040 | _cAR-BaBNM | ||
| 100 | 1 | _aCarlevari, Isidro J.F. | |
| 245 | 1 | 0 |
_aGeografía económica mundial y argentina _bcon particular referencia a Latinoamérica |
| 250 | _a5ª ed. | ||
| 260 |
_aBuenos Aires _bEdiciones Macchi _c1999 |
||
| 300 | 0 |
_a479 p. _btablas, gráfs. mapas |
|
| 650 | 4 | _aGEOGRAFIA ECONOMICA | |
| 650 | 4 | _aECONOMIA | |
| 650 | 4 | _aHISTORIA | |
| 650 | 4 | _aINDUSTRIA | |
| 650 | 4 | _aMEDIO AMBIENTE NATURAL | |
| 650 | 4 | _aMEDIO URBANO | |
| 650 | 4 | _aDESARROLLO ECONOMICO Y SOCIAL | |
| 650 | 4 | _aECONOMIA INDUSTRIAL | |
| 650 | 4 | _aCOMERCIO | |
| 650 | 4 | _aPOLITICA AGRARIA | |
| 650 | 4 | _aPRODUCCION AGRICOLA | |
| 650 | 4 | _aGANADERIA | |
| 650 | 4 | _aMINERIA | |
| 653 | _aMERCOSUR | ||
| 653 | _aGLOBALIZACION | ||
| 942 | _cBK | ||
| 998 | _cMariana | ||
| 999 |
_c17233 _d17233 |
||